<?xml version="1.0" encoding="UTF-8"?>
<collection xmlns="http://www.loc.gov/MARC21/slim">
 <record>
  <leader>     na                 </leader>
  <controlfield tag="001">INLIS000000000002463</controlfield>
  <controlfield tag="005">20220209095528</controlfield>
  <datafield tag="035" ind1=" " ind2=" ">
   <subfield code="a">0010-0621002063</subfield>
  </datafield>
  <controlfield tag="008">220209                g          0 ind  </controlfield>
  <datafield tag="245" ind1="1" ind2=" ">
   <subfield code="a">Cara Belajar Terbaik Di Universitas :</subfield>
   <subfield code="b">Menjelaskan Lima Langkah Belajar Yang Menjamin Keberhasilan Anda Dari Mengikuti Kuliah Sampai Ujian</subfield>
  </datafield>
  <datafield tag="100" ind1="1" ind2=" ">
   <subfield code="a">Surakhmad, Winarno</subfield>
  </datafield>
  <datafield tag="260" ind1=" " ind2=" ">
   <subfield code="a">Bandung :</subfield>
   <subfield code="b">Tarsiti,</subfield>
   <subfield code="c">1982</subfield>
  </datafield>
  <datafield tag="300" ind1=" " ind2=" ">
   <subfield code="a">104 hlm. ;</subfield>
   <subfield code="c">21 cm.</subfield>
  </datafield>
  <datafield tag="084" ind1=" " ind2=" ">
   <subfield code="a">370.153 15 SUR c</subfield>
  </datafield>
  <datafield tag="520" ind1=" " ind2=" ">
   <subfield code="a">UNTUK SIAPAKAH BUKU INI ?Buku kecil ini saya tulis khusus untuk Anda yang ingin meningkatkan kemampuan belaiar di universitas atau lembaga pendidikan tinggi lainnya menurut kondisi Indonesia sekarang ini. Semua bahan yang disajikan di sini, disusun sesingkat mungkin dan sepraktis mungkin, berdasarkan kebutuhan dan pengalaman beribu-ribu mahasiswa Indone</subfield>
   <subfield code="i">a yang pernah saya hadapi. Nanti, kalau Anda sudah sempat membaca buku ini seterusnya, Anda akan mengetahui bahwa isinya betul-betul berdasarkan kesulitan kesulitan praktisyang dihadapi oleh para mahasiswa sehari-hari. Karena itu, buku ini tidak memuat teori-teori, kecuali bila betul betul dirasa perlu untuk memahami petunjuk-petunjuk praktis yang dikemukakan di sini. APAKAH ISI DAN TUJUAN BUKU INI ? Ada hanya lima langkah pokok yang perlu Anda pelajari, dan semuanya itu nanti akan menjadi modal dasarAnda.Langkah 1. cara terbaik mengikuti kuliah-kuliahLangkah 2. cara terbaik membaca buku ilmiahLangkah 3. cara terbaik memantapkan pelajaranLangkah 4. cara terbaik menyiapkan karya ilmiahLangkah 5. cara terbaik mengikuti ujian.Dengan menguasai langkah-langkah itu, Anda seperti mempunyai senjata yang ampuh sebab* dengan menerapkan langkah-langkah itu, Anda dapat menggasai cara belajar yang baik selama-Iamanya. Itulah sebabnya saya menegaskan bahwa langkah-langkah tersebut dapat merubah (meningkatkan) kemampuan akademik Anda, mulai dari sekarang, dan untuk seterusnya. BAGAIMANAKAH MEMPELAJARI BUKU INI ? Sutitkah mempelajari langkahJangkah itu ? Sama sekali tidak sulit. Tentulah ada sedikit &quot;rahasia &quot; belajar yang perlu Anda ketahui, dan semua itu saya kemukakan dalam buku ini. Untuk membaca dengan santai buku kecil ini saja, Anda perlu waktu tidak lebih dari 2 jam. Untuk memahaminya, tentu Anda perlu berpikir sejenak. Untuk menguasainya, tentu Anda perlu lebih banyak kesempatan untuk menerapkannya. semua yang Anda perlukan, sudah saya siapkan dalam bacaan ini. Tinggallah sekarang pelaksanaannya yang sepenuhnya bergantung pada Anda APAKAH GUNANYA MEMPELAJARI BUKU INI ? Dengan mengikuti uraian-uraian ini, dan dengan mem-praktekkannya seeara terattir, Anda sendiri nanti akan kagummelihat bahwa Anda, tanpa disadari, sudah memiliki kemampuan untuk belajar, mampu untuk mulai berpikir ilmiah, sehingga tidak ada lagi &quot;pintu-pintu rahasia &quot; ilmu pengetahuan yang tertutup rapat bagi Anda. Dan sekali saja kemampuan itu Anda kuasai dengan baik, seumur hidup Anda akan tertolong, karena apa yang akan Anda temui dalam buku kecil ini ialah kemampuan yang paling dasar dan juga kemampuan yang paling berguna bagi seorangcalon mahasiswa, bagr mahasiswa baru, bahkan bagi yang sudah sarjanapun. JADI : sekarang carilah tempat duduk yang santai, dan dengan niat akan meningkatkan kemampuan Anda untuk belajar di Universitas, bacalah seterusnya, halaman demi halaman, seperti Anda sedang berbicara dengan buku ini. Dari jauh, saya menyampaikan harapan semoga Anda berhasil sebaik- baiknya.</subfield>
  </datafield>
  <datafield tag="082" ind1=" " ind2=" ">
   <subfield code="a">370.153 15</subfield>
  </datafield>
  <datafield tag="650" ind1=" " ind2="4">
   <subfield code="a">Metode Belajar</subfield>
  </datafield>
  <datafield tag="990" ind1=" " ind2=" ">
   <subfield code="a">06599</subfield>
  </datafield>
  <datafield tag="990" ind1=" " ind2=" ">
   <subfield code="a">024381</subfield>
  </datafield>
 </record>
</collection>
